|
|
|
|
| LEADER |
00000cam a2200000 a 4500 |
| 001 |
vtls008366974 |
| 003 |
SK-MaSNL |
| 005 |
20260301094215.0 |
| 008 |
230403s1948 xo gr 000 j slo |
| 015 |
|
|
|a SNBA19451955-001515
|
| 020 |
|
|
|q (viazané)
|
| 035 |
|
|
|a SK01SNKBKSFS20010059191
|
| 035 |
|
|
|a urn:nbn:sk:snk-am3i91d
|
| 035 |
|
|
|a 478C8B96-DB5E-40AF-8A54-2491ED595906
|
| 035 |
|
|
|a urn:nbn:sk:snk-am00dxyr
|
| 035 |
|
|
|a SKM000061654
|
| 040 |
|
|
|a SNK
|b slo
|c SNK
|e AACR2
|
| 041 |
0 |
|
|a slo
|
| 044 |
|
|
|a xo
|c SK
|
| 072 |
|
7 |
|a 821.162.4-3
|x Slovenská próza
|2 konspekt
|
| 080 |
|
|
|a 821.162.4-34
|2 2011
|
| 080 |
|
|
|a 82-34:808.1
|2 2011
|
| 100 |
1 |
|
|a Čajak, Ján,
|d 1863-1944
|4 aut
|9 37624
|
| 245 |
1 |
0 |
|a Humoristické rozprávky
|c Ján Čajak mladší
|
| 260 |
|
|
|a Liptovský Sv. Mikuláš
|b Tranoscius
|c 1948
|e Košice
|f Wiko
|
| 300 |
|
|
|a 162, [3] s.
|c 21 cm
|
| 490 |
1 |
|
|a Sobrané spisy Jána Čajaka
|v sv. 5
|
| 655 |
|
7 |
|a autorské rozprávky
|2 SNKPH
|9 70727
|
| 655 |
|
7 |
|a slovenské rozprávky
|2 SNKPH
|9 70528
|
| 655 |
|
7 |
|a humoristické rozprávky
|2 SNKPH
|9 427638
|
| 700 |
1 |
|
|a Mráz, Andrej,
|d 1904-1964
|4 red
|9 101700
|
| 830 |
|
0 |
|a Sobrané spisy Jána Čajaka
|9 427639
|
| 852 |
|
|
|a Slovenská národná knižnica
|
| 954 |
|
|
|a beletria pôvodná (slovenská)
|2 lita
|
| 958 |
|
|
|a RK
|
| 958 |
|
|
|a TL
|
| 958 |
|
|
|a LX
|
| 958 |
|
|
|a OND
|
| 958 |
|
|
|a EUIPO
|
| 999 |
|
|
|c 679596
|d 681526
|
| 952 |
|
|
|a SNK
|b SNK
|y VYP
|7 0
|p 17A0532938
|o snkSD 6073/5 D1
|i snkKSF 4097/56
|8 5
|3 rekatalogizácia
|0 0
|1 0
|4 0
|d 2006-12-20
|l 0
|r 2026-02-23 19:53:10
|w 2026-02-23
|
| 952 |
|
|
|a SNK
|b SNK
|y PREZ
|7 0
|p 17A0910153
|o snkSD 6073/5
|i snk6682/48
|0 0
|1 0
|4 0
|d 2018-12-10
|f 1
|l 0
|r 2025-11-13 00:00:00
|w 2026-02-23
|
| 952 |
|
|
|a SNKLM
|b SNKLM
|y NEVYP
|7 0
|o snklmMK 7390
|8 3
|0 0
|1 0
|4 0
|d 2007-05-04
|l 0
|r 2026-02-23 19:53:10
|w 2026-02-23
|